• 首页
  • 本馆介绍
  • 公告通知
  • 最新文献
  • 馆藏检索
  • 电子资源
  • 读者导购
  • 参考咨询
  • 我的图书馆
  • 登录
  • 详细信息显示
  • 放入我的书架
  • 预约/预借图书
  • 作者相关作品
  • 分类相关作品
  • 丛书相关作品
  • 出版社相关作品

书目信息

  • 表格格式
  • 工作单格式
  • 卡片格式
题名:
地铁客逛台北Let's Go
    
 
作者: ;《亲历者》编辑部 编著
分册:  
出版信息: 北京   中国铁道出版社  2016
页数: 255页
开本: 24cm
丛书名: 亲历者旅行指南
单 册:
中图分类: K928.958
科图分类:
主题词: 旅游指南--台湾
电子资源:
ISBN: 978-7-113-21607-8
000 01066oam2 2200277 450
001 012001003187
005 20140926114740.0
010    @a978-7-113-21607-8@dCNY48.00
100    @a20160923d2016 em y0chiy50 ea
101 0  @achi
102    @aCN@b110000
105    @aa z 000yy
106    @ar
200 1  @a地铁客逛台北Let's Go@9di tie ke guang tai bei Let's Go@e最新版@f《亲历者》编辑部编著
210    @a北京@c中国铁道出版社@d2016
215    @a255页@c图@d24cm
225 2  @a亲历者旅行指南
225 2  @a亲历者旅游书架
330    @a本书是写给喜欢搭乘地铁旅行的朋友们的,全书对台北的六条地铁线路31个地铁站进行了详细的介绍,网罗了地铁站周边的景点、美食、娱乐等信息,带着这本书你可以领略台北夜市的热闹繁华,你可以感受台北真实的生活状态。书中还收录有大量资深玩家的点评,让你玩得更加舒心。
461  0 @12001 @a亲历者旅行指南
461  0 @12001 @a亲历者旅游书架
606 0  @a旅游指南@y台湾
690    @aK928.958@v5
711 02 @a《亲历者》编辑部@9《 qin li zhe 》 bian ji bu@4编著
801  0 @aCN@b上海新华@c20180901
905    @b1162322-6@dK928.958@e1117@f5
    
    地铁客逛台北Let's Go:最新版/《亲历者》编辑部编著.-北京:中国铁道出版社,2016
    255页:图;24cm.-(亲历者旅行指南).-(亲历者旅游书架)
    
    
    ISBN 978-7-113-21607-8:CNY48.00
    本书是写给喜欢搭乘地铁旅行的朋友们的,全书对台北的六条地铁线路31个地铁站进行了详细的介绍,网罗了地铁站周边的景点、美食、娱乐等信息,带着这本书你可以领略台北夜市的热闹繁华,你可以感受台北真实的生活状态。书中还收录有大量资深玩家的点评,让你玩得更加舒心。
●
相关链接 在E读中查询图书 在五车中查询图书 在当当中查询图书 在豆瓣中查询图书


正题名:地铁客逛台北Let's Go     索取号:K928.958/1117         预约/预借

序号 登录号 条形码 馆藏地/架位号 状态 备注
1 1162322   211623224   第二样本阅览室/ [索取号:K928.958/1117] 在馆    
2 1162323   211623233   密集书库-史法系/ [索取号:K928.958/1117] 在馆    
3 1162324   211623242   第二借阅区/ [索取号:K928.958/1117] 在馆    
4 1162325   211623251   第二借阅区/ [索取号:K928.958/1117] 在馆    
5 1162326   211623260   第二借阅区/ [索取号:K928.958/1117] 在馆    
唐山师范学院图书馆 欢迎您!
大连网信软件有限公司© 版权所有